| 000 | 00510nam a2200205Ia 4500 | ||
|---|---|---|---|
| 005 | 20250425161749.0 | ||
| 008 | 250425s9999 xx 000 0 und d | ||
| 020 | _a0131231596 | ||
| 041 | _aeng | ||
| 082 | _a621.3845 | ||
| 100 | _aSINGER, EDWARD N. | ||
| 245 | 0 | _aLAND MOBILE RADIO SYSTEMS | |
| 250 | _a2ND ED. | ||
| 260 |
_aEstados Unidos _bPRENTICE HALL _c1994 |
||
| 260 | _aUPPER SADDLE RIVER | ||
| 300 | _a274 | ||
| 650 | _aSISTEMAS DE COMUNICACIONES MOVILES | ||
| 942 | _c01 | ||
| 010 | _a28128 | ||
| 999 |
_c215649 _d215649 |
||